| 000 | 00460nam a22001817a 4500 | ||
|---|---|---|---|
| 003 | NUST - PNEC | ||
| 005 | 20170116180748.0 | ||
| 008 | 150223b xxu||||| |||| 00| 0 eng d | ||
| 020 | _a- | ||
| 040 | _cLIBRARY | ||
| 082 | _a954.91 SAL | ||
| 100 |
_91451 _aSalik Siddiq |
||
| 245 |
_aState And Politice _cSiddiq Salik |
||
| 260 |
_aLahore _bAL Fasial Nashran _cC 1997 |
||
| 300 | _a192 . : | ||
| 650 |
_91452 _aState And Politics _xHistory |
||
| 942 |
_2ddc _cBK |
||
| 999 |
_c62419 _d62419 |
||